000 00719cam a22002533a 4500
001 3330
003 PGUSA
005 20140828083030.0
008 020701s2002||||xxu|||||s|||||000 | eng d
040 _aPGUSA
_beng
042 _adc
050 4 _aPL
100 1 _aConfucius,
_d-551--479
245 1 4 _aThe Analects of Confucius (from the Chinese Classics)
_h[electronic resource] /
_cConfucius
260 _bProject Gutenberg,
_c2002
506 _aPublic domain in the USA.
516 _aElectronic text
653 _aEthics -- China
653 _aPhilosophy, Chinese
700 1 _aLegge, James,
_d1815-1897
830 0 _aProject Gutenberg
_v3330
856 4 0 _uhttp://www.gutenberg.org/ebooks/3330
942 _cEB
999 _c232659
_d232659